000 00672nam a22002297a 4500
003 UA-OsUOA
001 28624
007 ta
008 20050414b un ||||| |||| 00| 0 ukr d
090 _a94(47+57)
_bС56
942 _cBK
040 _aUA-OsUOA
_brus
_cUA-OsUOA
_dUA-OsUOA
245 _aТегеранская конференция руководителей трех союзных держав -СССР, США, Велико британии (28 ноября - 1 дек. 1943 г.)
300 _a198 с.
_bІлюстрації
955 _a0
041 _arus
080 _a94(47+57)
260 _c1978
044 _aRU
650 7 _2UDC
999 _c314993
_d314993